Austriazismen I - Statistiken

Allgemein
  • Dieses Quiz wurde 75 mal gespielt
  • Das Durchschnittsergebnis liegt bei 15 aus 30
Antwortstatistiken
Hint Antwort % Korrekt
Erdäpfel Kartoffel
100%
Semmel Brötchen
92%
Palatschinke Pfannkuchen
87%
Eiklar Eiweiß
81%
Obers/Rahm Sahne
81%
Marille Aprikose
78%
Paradeiser Tomate
75%
Topfen Quark
73%
Knödel Kloß
67%
Marmelade Konfitüre
67%
Kren Meerrettich
60%
Karfiol Blumenkohl
57%
Kukuruz Mais
57%
Faschiertes Hackfleisch
56%
Germ Hefe
52%
Melanzani Aubergine
49%
Maroni Kastanie
49%
Ribisel Johannisbeere
46%
Fleischlaberl Frikadelle
40%
Eierschwammerl Pfifferlinge
38%
Jause Brotzeit
35%
Spritzer Weinschorle
33%
Kracherl Limonade
30%
Ananas Erdbeere
27%
Aschanti(Nuss) Erdnuss
22%
Biskotten Löffelbiskuit
14%
Zibeben Rosinen
11%
Fisolen Stangenbohne
10%
Profesen/Pavese Armer Ritter
3%
Beirid Roastbeef
3%
Keine übereinstimmenden Quizze gefunden
Verteilung der Resultate
Anzahl Personen mit jedem Resultat
Perzentil nach korrekt beantworteten Fragen
Ihre Resultats-Entwicklung
Sie haben dieses Quiz noch nicht gespielt